000 00872am a2200325a 44500
003 AR-BaBNM
005 20251128202754.0
008 011101s1988 #AR|||||||||||000 | spa||
020 _a950-23-0420-9
040 _cAR-BaBNM
100 1 _aSarmiento, Domingo Faustino
_d1811-1888
245 1 0 _aFacundo
_bcivilización y barbarie
250 _a5ª ed.
260 _aBuenos Aires
_bEudeba
_c1988
300 _a264 p.
490 0 _aSerie del siglo y medio
_vv. 32
650 4 _aLITERATURA ARGENTINA
650 4 _aHISTORIA ARGENTINA
650 4 _aROMANTICISMO
650 4 _aTEORIA DEL ESTADO
650 4 _aROSAS Y SU TIEMPO
650 4 _aREACCIONES CONTRA ROSAS
650 4 _aCAUDILLOS ARGENTINOS
650 4 _aHISTORIA SOCIAL
650 4 _aENSAYO
653 _aNARRATIVA
655 _aLITERATURA
700 1 _aWeinberg, Gregorio
_eprologuista
942 _cBK
999 _c490
_d490